000 02908cam a2200289 4500500
005 20250121212300.0
041 _afre
042 _adc
100 1 0 _aGarcia-Debanc, Claudine
_eauthor
245 0 0 _aDire de faire à des enfants : le rôle de l’architecture textuelle dans des textes injonctifs adressés aux enfants (règles de jeu et consignes scolaires)
260 _c2021.
500 _a70
520 _aLa mise en forme typodispositionnelle et l’architecture textuelle (Virbel 1985) jouent un rôle important pour la compréhension et la mémorisation d’instructions. La signalisation de l’architecture textuelle se réalise par des marques linguistiques ou par une mise en forme typodispositonnelle (titres, sous-titres, gras, tirets, etc.). Un protocole expérimental portant sur la lecture de règles de jeu par des enfants (9-12 ans) a permis d’évaluer les effets de différentes versions (marquage linguistique vs typodispositionnel) sur la compréhension des instructions, leur mémorisation à court et à moyen termes ou le temps nécessaire pour retrouver une information, au profit de la version la plus typodispositionnelle. Les particularités des consignes scolaires sont mises en évidence à travers une analyse de leur organisation linguistique et spatiale dans un chapitre de manuel de grammaire de fin d’école primaire.
520 _aTypodispositional layout and text architecture (Virbel 1985) play an important role in understanding and memorisation of instructions. Textual architecture may be signaled by linguistic marks or by the spatial organization of the text. In an experimental protocol, various versions of the same rule (exclusively involving linguistic marks vs. involving numerous typodispositional layout variations as titles and subtitles in bold, dashes, etc.) were submitted to reading, in order to compare the effects of these different versions on the understanding of the instructions, short and medium memorization and time necessary to find an information during the game. The results are significantly better with the most typodispositional one. The particularities of the school instructions are identified through an analysis of the linguistic and spatial organization of instructions in a grammar textbook for the end of primary school.
690 _aarchitecture textuelle
690 _aexpérimentations psycholinguistiques
690 _acompréhension en lecture
690 _aanalyse de manuels de grammaire
690 _adiscours procéduraux
690 _apsycholinguistic experimentation
690 _atextual architecture
690 _aprocedural discourse
690 _areading comprehension
690 _agrammar textbook analysis
786 0 _nLangages | 221 | 1 | 2021-03-23 | p. 23-36 | 0458-726X
856 4 1 _uhttps://shs.cairn.info/revue-langages-2021-1-page-23?lang=fr&redirect-ssocas=7080
999 _c697597
_d697597